000 00820nam a22002417a 4500
008 140128s2010 nyuadk frb 001 0 eng d
020 _a0071267697
020 _a9780071267694
082 0 4 _a621.4022
_bHOL
_222
100 1 _aHolman, J. P.
_q(Jack Philip)
_934963
245 1 0 _aHeat transfer /
_cJ. P. Holman.
250 _a10th ed., McGraw-Hill International ed.
260 _aNew York :
_bMcGraw-Hill Higher Education,
_c2010.
300 _axxii, 725 p. :
_bchart, forms, tables ;
_c25 cm.
490 0 _aMcGraw-Hill series in mechanical engineering
500 _aIndex : p. 713-725.
504 _aIncludes bibliographical references.
650 7 _aHeat
_xTransmission.
_2BUEsh
_93121
651 _2BUEsh
653 _bENGCHE
_cJanuary2014
_cMarch2016
655 _vReading book
_934232
942 _2ddc
_k621.4022 HOL
999 _c17977
_d17949